000 00389nam a2200157Ia 4500
008 230718s9999 xx 000 0 und d
041 _aeng
082 _a303
_bTIM
100 _aTimperley
_9125752
245 _aBarefoot On Broken Glass
260 _c2001
_bCapstone
300 _a164
365 _cRs.
_b981.00
700 _aTimperley
_9125752
906 _dB:43810-May-2001
_cOTH
_b147.15
999 _c301830
_d301830